International radio tube encyclopaedia. (Record no. 183166)
[ view plain ]
| 000 -LEADER | |
|---|---|
| fixed length control field | 00876 a2200181 4500 |
| 003 - CONTROL NUMBER IDENTIFIER | |
| control field | Nust |
| 005 - DATE AND TIME OF LATEST TRANSACTION | |
| control field | 20170207153258.0 |
| 040 ## - CATALOGING SOURCE | |
| Transcribing agency | Nust |
| 082 ## - DEWEY DECIMAL CLASSIFICATION NUMBER | |
| Classification number | 621.38403 |
| 100 ## - MAIN ENTRY--PERSONAL NAME | |
| Personal name | Babani, Bernard B |
| 245 ## - TITLE STATEMENT | |
| Title | International radio tube encyclopaedia. |
| Statement of responsibility, etc. | Bernard B. Babani, |
| 260 ## - PUBLICATION, DISTRIBUTION, ETC. | |
| Place of publication, distribution, etc. | Bernards |
| Name of publisher, distributor, etc. | London, |
| Date of publication, distribution, etc. | 1949 |
| 300 ## - PHYSICAL DESCRIPTION | |
| Extent | ixxxiv, 410 p |
| Other physical details | diagrs |
| Dimensions | 26 cm |
| 505 ## - FORMATTED CONTENTS NOTE | |
| Formatted contents note | Radio Receiving Tubes (Page-2), Triode Transmitting Tube (Page-170), Transmitting Tetrodes, Pentodes And Other Transmitting Tubes Having More Than Five Elements (Page-228), Rectifiers (Page-248), Thyratrons (Page-300), Regulator And Control Tubes (Page-310), Tuning Indicators (Page-322),Cathode Ray Tubes (Page-326), Photo Tubes (Page-360), Rare Tubes And Their Equivalents (Page-372) |
| 538 ## - SYSTEM DETAILS NOTE | |
| System details note | Almirah No.39 and Shelf No.3 |
| 600 ## - SUBJECT ADDED ENTRY--PERSONAL NAME | |
| Personal name | Babani, Bernard B |
| 650 ## - SUBJECT ADDED ENTRY--TOPICAL TERM | |
| Topical term or geographic name entry element | International radio tube encyclopaedia. |
| 942 ## - ADDED ENTRY ELEMENTS (KOHA) | |
| Source of classification or shelving scheme | |
| Koha item type | Book |
| Withdrawn status | Lost status | Source of classification or shelving scheme | Damaged status | Not for loan | Collection code | Permanent Location | Current Location | Date acquired | Total Checkouts | Full call number | Barcode | Date last seen | Price effective from | Koha item type |
|---|---|---|---|---|---|---|---|---|---|---|---|---|---|---|
| Military College of Signals (MCS) | Military College of Signals (MCS) | 12/12/2016 | 621.38403 INT | MCS20632 | 12/08/2016 | 12/12/2016 | Book |
